000 01521 a2200205 4500
003 Nust
005 20221202115924.0
010 _a 85019721
020 _a0070279802 :
040 _cNust
082 0 0 _a621.38153,HEL
100 1 _aHelms, Harry L.
_9104005
245 1 0 _aContemporary electronics circuits deskbook /
_cHarry L. Helms.
260 _aNew York :
_bMcGraw-Hill,
_cc1986.
300 _axii, 253 p. :
_bill. ;
_c29 cm.
505 _aActive Filters (Page-1), Amplifiers Circuits (Page-7), Antenna Circuits (Page-15), Audio, High Fidelity and Music Circuits (Page-21), Automotive Circuits (Page-29), Conversion Circuits (Page-33), Digital Circuits (Page-43), Frequency Synthesis Circuits (Page-51), Interfacing Circuits (Page-59), LED and Optoelectronic Circuits (Page-65), Measurements and Indication Circuits (Page-69), Miscellaneous Circuits (Page-81), Modern Circuits (Page-97), Morse Code Circuits (Page-103), Oscillator Circuits (Page-115), Power Supply Circuits (Page-125), Receiving Circuits (Page-135), Repeater Circuits (Page-151), Single Sideband Circuits (Page-163), Telephone Circuits (Page-169), Tele Printer Circuits (Page-179), Television and Video Circuits (Page-189), Test Equipment Circuits (Page-193), Timer Circuits (Page-211), Transceiver Circuits (Page-215), Transmitting Circuits (Page-223), VHF/UHF Circuits (Page-235), Voltage Regulation Circuits (Page-247).
650 0 _aTelecommunication Engineering
740 0 _aContemporary electronics circuits desk book.
942 _2ddc
_cBK
999 _c182384
_d182384